|
|
|
|
| LEADER |
01086nam a22002417a 4500 |
| 001 |
40518 |
| 003 |
BD-DhAAL |
| 008 |
230227t2018 bg ||||| |||| 00| 0 ben d |
| 020 |
|
|
|a 9789849334408
|
| 040 |
|
|
|a BD-DhAAL
|c BD-DhAAL
|
| 082 |
|
|
|a 320.95492
|2 23
|
| 100 |
|
|
|a হায়দার, মোস্তফা জামাল
|9 53739
|
| 245 |
|
|
|a একটি নক্ষত্রের পতন /
|c মোস্তফা জামাল হায়দার.
|
| 246 |
|
|
|a Ekti nakshatrer paton
|
| 260 |
|
|
|a ঢাকা :
|b অমর প্রকাশনী,
|c ২০১৮.
|
| 300 |
|
|
|a ১০৮ পৃষ্ঠা ;
|c ২২ সে.মি.
|
| 541 |
|
|
|a Donated By Akbar Ali Khan
|e 40518
|
| 651 |
|
|
|a Bangladesh
|x Politics and government.
|
| 651 |
|
|
|a Bangladesh
|x History
|y Revolution, 1971.
|
| 852 |
|
|
|a Ayesha Abed Library
|c Akbar Ali Khan Collection
|
| 942 |
|
|
|2 ddc
|c BK
|
| 999 |
|
|
|c 45528
|d 45528
|
| 952 |
|
|
|0 0
|1 0
|2 ddc
|4 0
|6 320_954920000000000_HAI
|7 1
|9 73290
|a BRACUL
|b BRACUL
|c AAKC
|d 2023-02-27
|e Donated By Akbar Ali Khan
|g 250.00
|l 0
|o 320.95492 HAI
|p 3010040518
|r 2023-02-27
|t 1
|w 2023-02-27
|y BK
|